00901cam a2200181 a 450000100100000000500170001000800410002704000320006808200170010010000360011724502400015326000780039330000280047160000420049965000490054195201140059099900150070400000713320240313182408.0810918s1927 fr a 000 0 fre  aDO-SdBNPbspacBNPHUdBNPHU a923.9bC719U1 aUlloa, Luis,d1584-1674.91978710aChristophe Colomb :bCatalan : la vraie Genèse de la découverte de l Amérique : avec un appendice sur les Colombo et Colomo castillans et sur le passeport donné à Colomb, en avril 1492, pour se rendre aux indes /cLuis Ulloa. aParis :bLibraire Orientale et Américaine ;bMaisonneuve freres,c1927. a404 p. :bil. ;c21 cm. 0aCOLÓN, CRISTOBAL,d1436-1456919795 4aExploradores españolesxBiografía919788 001050718RVaGRbGRcHDd2009-09-04iLF1l0o923.9 C719Up7133-10r2020-06-25w2020-06-25y1ZNo se presta c6914d6914